THE GREEK WAY / (Record no. 616754)

000 -LEADER
fixed length control field 00321nam a22001337a 4500
020 ## - INTERNATIONAL STANDARD BOOK NUMBER
Qualifying information HB.
040 ## - CATALOGING SOURCE
Transcribing agency FIZZA ISHAQ
082 ## - DEWEY DECIMAL CLASSIFICATION NUMBER
Classification number 880
Author Mark EDI
100 ## - MAIN ENTRY--PERSONAL NAME
Personal name HAMILTON,EDITH.
9 (RLIN) 49245
245 ## - TITLE STATEMENT
Title THE GREEK WAY /
Statement of responsibility, etc. EDITH HAMILTON.
260 ## - PUBLICATION, DISTRIBUTION, ETC.
Place of publication, distribution, etc. NEW YORK ;
Name of publisher, distributor, etc. NORTON,
Date of publication, distribution, etc. 1930.
300 ## - PHYSICAL DESCRIPTION
Extent 347 P. ;
Dimensions 8.9X5.9IN
942 ## - ADDED ENTRY ELEMENTS (KOHA)
Source of classification or shelving scheme
Koha item type Book
Holdings
Withdrawn status Lost status Source of classification or shelving scheme Damaged status Not for loan Permanent Location Current Location Shelving location Date acquired Total Checkouts Full call number Barcode Date last seen Price effective from Koha item type
          NUST Baluchistan Campus (NBC) NUST Baluchistan Campus (NBC) General Stacks 03/31/2026   880 EDI QD-534 03/31/2026 03/31/2026 Book
© 2023 Central Library, National University of Sciences and Technology. All Rights Reserved.